[Event "Norway Chess Open GM 2024"]
[Site "Stavanger NOR"]
[Date "2024.05.28"]
[Round "7.14"]
[White "Pourkashiyan, Atousa"]
[Black "Myagmarsuren, Evsuld"]
[Result "1-0"]
[WhiteTitle "WGM"]
[BlackTitle "CM"]
[WhiteElo "2272"]
[BlackElo "2016"]
[WhiteFideId "12502014"]
[BlackFideId "1551639"]
[EventDate "2024.05.24"]

1. e4 c5 2. Nf3 d6 3. Bb5+ Nd7 4. O-O a6 5. Bd3 Ngf6 6. c3 b5 7. Re1 Bb7 8. Bc2
e6 9. d4 Qc7 10. Nbd2 Be7 11. e5 Nd5 12. Ne4 dxe5 13. dxe5 h6 14. Ng3 Rd8 15.
Qe2 N5b6 16. Nh5 g6 17. Nf4 g5 18. Nh5 Nc4 19. h3 Qc6 20. Ng3 Qc7 21. b3 Bxf3
22. Qxf3 Ncxe5 23. Qe2 c4 24. Be3 Bc5 25. Rad1 Ke7 26. Bd4 Bxd4 27. cxd4 Nd3 28.
d5 Nf4 29. d6+ Qxd6 30. Nf5+ Kf6 31. Nxd6 Nxe2+ 32. Rxe2 cxb3 33. axb3 Nb6 34.
Ne4+ Ke7 35. Red2 Rxd2 36. Rxd2 Nd5 37. Bd1 a5 38. Kf1 f5 39. Nc5 Rc8 40. Nb7
Ra8 41. Bf3 Ra7 42. Nc5 Rc7 43. Bxd5 Rxc5 44. Bf3 a4 45. bxa4 bxa4 46. Ra2 Rc1+
47. Ke2 Rc4 48. Kd3 Rf4 49. Bd1 Kf6 50. Bxa4 h5 51. Bd1 h4 52. Ke2 Rd4 53. Ra4
Rd6 54. Rb4 Ra6 55. Bb3 Rc6 56. Kd2 Rd6+ 57. Ke3 Rc6 58. Bc4 Rd6 59. Ra4 Rc6 60.
Be2 Rc3+ 61. Kd2 Rb3 62. Ra6 Rb2+ 63. Ke3 Rb1 64. Bc4 Re1+ 65. Kd2 Re4 66. Kd3
Re1 67. Ra2 Rg1 68. Ra6 Rxg2 69. Rxe6+ Kg7 70. Ke3 Rg1 71. Ke2 g4 72. hxg4 fxg4
73. Rd6 h3 74. Rd1 h2 75. Bd5 Kf6 76. Bb7 Ke7 77. Ba8 Ke6 78. Bc6 g3 79. fxg3
Rxg3 80. Rh1 Rh3 81. Bg2 Rh4 82. Kf3 Kf5 83. Kg3 Kg5 84. Bh3 Ra4 85. Kxh2 Ra2+
86. Bg2 Kg4 87. Rc1 Ra3 88. Rc4+ Kg5 89. Bc6 Rb3 90. Kg2 Ra3 91. Bf3 Rb3 92. Kg3
Kf5 93. Rc5+ Ke6 94. Kf4 Rb1 95. Rc6+ Kd7 96. Ra6 Re1 97. Be4 Kc7 98. Ke5 Rd1
99. Rc6+ Kd7 100. Rb6 Re1 101. Rb7+ Kc8 102. Rf7 Kd8 103. Kd5 Rd1+ 104. Kc6 Ke8
105. Rh7 Kf8 106. Bd5 Ra1 107. Kd6 Ra6+ 108. Ke5 Ke8 109. Be6 Ra1 110. Kf6 Rf1+
111. Bf5 Kd8 112. Rd7+ Ke8 113. Rd2 Rf4 114. Re2+ Kd8 115. Rc2 1-0

[Event "Norway Chess Open GM 2024"]
[Site "Stavanger NOR"]
[Date "2024.05.28"]
[Round "7.15"]
[White "Frederic, Clement"]
[Black "Stevens, Christian FRA"]
[Result "1-0"]
[WhiteElo "2251"]
[BlackElo "1936"]
[WhiteFideId "637319"]
[BlackFideId "649090"]
[EventDate "2024.05.24"]

1. f4 g6 2. Nf3 Bg7 3. d3 c5 4. e4 Nc6 5. Be2 e6 6. O-O Nge7 7. c3 d5 8. Nbd2
O-O 9. Qe1 b5 10. a3 Qb6 11. Qf2 a5 12. e5 Rd8 13. Nb3 d4 14. Nbd2 dxc3 15. bxc3
f5 16. exf6 Bxf6 17. Ne4 Bg7 18. Be3 Rb8 19. Bxc5 Qc7 20. Ne5 Nd5 21. d4 Nce7
22. Qh4 Nf5 23. Qh3 Nf6 24. Nxf6+ Bxf6 25. Rab1 Bd7 26. Rb2 Bxe5 27. fxe5 Bc6
28. g4 Ng7 29. Bf3 b4 30. axb4 Bb5 31. Rc1 Bc4 32. Be2 Bxe2 33. Rxe2 axb4 34.
Bd6 Qc4 35. Qe3 Ra8 36. Bxb4 Ra2 37. Rxa2 Qxa2 38. Rf1 h5 39. Qg5 Qd5 40. Qxg6
hxg4 41. Rf7 1-0

[Event "Norway Chess Open GM 2024"]
[Site "Stavanger NOR"]
[Date "2024.05.28"]
[Round "7.16"]
[White "Ostensen, Nicolai Maxime"]
[Black "Bech, Havard Eriksen"]
[Result "1-0"]
[WhiteTitle "FM"]
[WhiteElo "2234"]
[BlackElo "1898"]
[WhiteFideId "1546970"]
[BlackFideId "1564684"]
[EventDate "2024.05.24"]

1. c4 c6 2. Nc3 d5 3. e3 Nf6 4. Nf3 e6 5. b3 Nbd7 6. Bb2 Bd6 7. d4 O-O 8. Be2
Qe7 9. O-O b6 10. Qc2 Bb7 11. Rad1 Rad8 12. Rfe1 Rfe8 13. e4 Nxe4 14. Nxe4 dxe4
15. Qxe4 Nf8 16. Qg4 Qf6 17. Ba1 Ng6 18. Bf1 Qf4 19. Qxf4 Nxf4 20. g3 c5 21. Ng5
Ng6 22. Ne4 Be7 23. Bg2 cxd4 24. Rxd4 Rxd4 25. Bxd4 Rd8 26. Be3 Ne5 27. h3 Bb4
28. Rf1 h6 29. Nf6+ gxf6 30. Bxb7 Kg7 31. f4 Ng6 32. Kf2 Ne7 33. Be4 f5 34. Bf3
Bd2 35. Rd1 Bxe3+ 36. Kxe3 Rxd1 37. Bxd1 Nc6 38. a3 Kf6 39. b4 a5 40. bxa5 Nxa5
41. Kd4 Nc6+ 42. Kc3 e5 43. c5 bxc5 44. Kc4 exf4 45. gxf4 Nd4 46. Kxc5 Ne6+ 47.
Kd6 Nxf4 48. a4 Nd3 49. a5 Nb4 50. Be2 f4 51. Kc5 f3 52. Bf1 Nc2 53. a6 Ne3 54.
Bd3 f2 55. a7 f1=Q 56. Bxf1 Nxf1 57. a8=Q 1-0

[Event "Norway Chess Open GM 2024"]
[Site "Stavanger NOR"]
[Date "2024.05.28"]
[Round "7.17"]
[White "Cornileau, Juliette"]
[Black "Riisem, Oyvind"]
[Result "0-1"]
[WhiteTitle "WFM"]
[WhiteElo "1986"]
[BlackElo "2203"]
[WhiteFideId "36083372"]
[BlackFideId "1504673"]
[EventDate "2024.05.24"]

1. e4 e5 2. Nf3 Nc6 3. Bb5 a6 4. Ba4 Nf6 5. O-O Nxe4 6. Bxc6 dxc6 7. Re1 Nf6 8.
d4 e4 9. Ng5 Bf5 10. Qf3 Qd7 11. Nd2 O-O-O 12. Ndxe4 Nd5 13. Ng3 Bxc2 14. Nxf7
Bb4 15. Nxd8 Bxe1 16. Bg5 Re8 17. Nf7 Bb4 18. Ne5 Qe6 19. Rc1 Bg6 20. h4 h6 21.
Be3 Rf8 22. Qe2 Bd6 23. Bd2 Bh7 24. Re1 Nf4 25. Qc4 Qd5 26. Qxd5 cxd5 27. h5 Ne6
28. Bc3 Rf4 29. Ng6 Rf6 30. Ne5 b5 31. a3 Nf4 32. Bd2 Nd3 33. Nxd3 Bxd3 34. Re3
Bb1 35. Ne2 Bf5 36. Nc3 c6 37. Re8+ Kc7 38. Na2 Bg4 39. Bb4 Bxh5 40. Rg8 Rf7 41.
Bxd6+ Kxd6 42. Nb4 a5 43. Nd3 Be2 44. Ne5 Rf4 45. Rd8+ Kc7 46. Rd7+ Kb6 47. Re7
Rxd4 48. Nd7+ Kc7 49. Nf8+ Kd6 50. Rxe2 Rd1+ 51. Kh2 d4 52. Kg3 d3 53. Re3 c5
54. Ne6 c4 55. Kf3 Rb1 56. Re4 Rxb2 57. Nf4 Ra2 58. Rd4+ Kc6 59. Ke3 Rxa3 60.
Ne6 g5 61. Nd8+ Kc5 62. Ne6+ Kb4 63. Nc7 Ra2 64. Rd5 Re2+ 65. Kf3 g4+ 66. Kxg4
Rxf2 67. Kg3 Rf7 68. Rxb5+ Ka4 69. Rc5 Kb3 70. Nd5 d2 71. Rb5+ Kc2 72. Ne3+ Kd3
73. Nd1 Re7 74. Rc5 Re1 75. Nb2+ Kc3 76. Nxc4 Kb4 77. Rd5 d1=Q 78. Rxd1 Rxd1 0-1

[Event "Norway Chess Open GM 2024"]
[Site "Stavanger NOR"]
[Date "2024.05.28"]
[Round "7.18"]
[White "Hestholm, Gustav"]
[Black "Fiskaaen, Martin Holten"]
[Result "0-1"]
[WhiteElo "2041"]
[BlackElo "2116"]
[WhiteFideId "1529153"]
[BlackFideId "1550233"]
[EventDate "2024.05.24"]

1. e4 c5 2. Nf3 d6 3. d4 cxd4 4. Nxd4 Nf6 5. Nc3 a6 6. Be3 e5 7. Nb3 Be6 8. f3
h5 9. Nd5 Bxd5 10. exd5 Nbd7 11. Qd2 g6 12. O-O-O Bg7 13. Kb1 b5 14. Na5 Nb6 15.
Nc6 Qc7 16. Bxb6 Qxb6 17. c4 bxc4 18. Bxc4 Bh6 19. Qc2 O-O 20. h4 Kg7 21. Qe2
Rfe8 22. g3 Kh8 23. Rhf1 e4 24. f4 Ng4 25. Rfe1 f5 26. Qd2 Bg7 27. Be2 Nf2 28.
Rc1 e3 29. Qc2 Ne4 30. Ka1 Rab8 31. Nxb8 Rxb8 32. Rb1 Qa5 33. Red1 Nc3 34. b4
Nxd1+ 35. Rb2 Qxb4 36. Bxd1 Qxb2+ 0-1

[Event "Norway Chess Open GM 2024"]
[Site "Stavanger NOR"]
[Date "2024.05.28"]
[Round "7.19"]
[White "Lilliehook, Victor"]
[Black "Bezo, Stefan"]
[Result "0-1"]
[WhiteElo "1928"]
[BlackElo "2065"]
[WhiteFideId "1752103"]
[BlackFideId "14907682"]
[EventDate "2024.05.24"]

1. e4 e5 2. Nf3 Nc6 3. Bc4 Bc5 4. d3 Nf6 5. a4 a5 6. O-O d6 7. c3 O-O 8. Re1 h6
9. h3 Be6 10. Bxe6 fxe6 11. d4 Bb6 12. Na3 exd4 13. cxd4 d5 14. e5 Ne4 15. Be3
Qe8 16. Nb5 Qh5 17. Nc3 Rad8 18. Qc2 Rxf3 19. gxf3 Qxf3 20. Kh2 Nxd4 21. Bxd4
Bxd4 22. Nxe4 dxe4 23. Rxe4 Bxf2 24. Ra3 Bg3+ 25. Kg1 Rd1+ 0-1

[Event "Norway Chess Open GM 2024"]
[Site "Stavanger NOR"]
[Date "2024.05.28"]
[Round "7.20"]
[White "Torfoss, Sivert Schanche"]
[Black "Saveljevs, Aleksandrs"]
[Result "1-0"]
[WhiteElo "2059"]
[BlackElo "1987"]
[WhiteFideId "1542761"]
[BlackFideId "11601779"]
[EventDate "2024.05.24"]

1. d4 Nf6 2. Nf3 c5 3. d5 b5 4. c3 b4 5. Bg5 g6 6. d6 Bb7 7. cxb4 cxb4 8. Bxf6
exf6 9. Qd4 Bg7 10. Qxb4 Bxf3 11. gxf3 f5 12. Bg2 Nc6 13. Qd2 O-O 14. O-O f4 15.
Nc3 Rb8 16. Rab1 Be5 17. Ne4 f5 18. Nc5 Rf6 19. b4 Rxd6 20. Nd3 Qf6 21. b5 Nd4
22. a4 Rc8 23. Rfc1 Rxc1+ 24. Rxc1 Nb3 25. Qa2 Qe6 26. Rb1 Nd4 27. Qxe6+ Rxe6
28. Bf1 Bd6 29. a5 Bc7 30. Nc5 Re5 31. Nxd7 Rxb5 32. Rc1 Bxa5 33. e3 Nxf3+ 34.
Kg2 Nh4+ 35. Kh3 Rb2 36. Kxh4 Rxf2 37. exf4 Rf3 38. Rc8+ Kg7 39. Re8 Rxf4+ 40.
Kg3 Rxf1 41. Re7+ Kh6 42. Nf6 Bd8 43. Ng8+ Kg5 44. h4+ 1-0

[Event "Norway Chess Open GM 2024"]
[Site "Stavanger NOR"]
[Date "2024.05.28"]
[Round "7.21"]
[White "Skytte, Robert"]
[Black "Martin, Nils"]
[Result "0-1"]
[WhiteElo "1918"]
[BlackElo "2057"]
[WhiteFideId "1471775"]
[BlackFideId "45160473"]
[EventDate "2024.05.24"]

1. e4 c5 2. Nf3 Nc6 3. d4 cxd4 4. Nxd4 Nf6 5. Nc3 e5 6. Ndb5 d6 7. Nd5 Nxd5 8.
exd5 Nb8 9. c4 a6 10. Qa4 Bd7 11. Be3 Nc6 12. dxc6 Bxc6 13. Nxd6+ Bxd6 14. Qb3
O-O 15. O-O-O Qe7 16. h4 Rab8 17. Qd3 Rfd8 18. Qb3 b5 19. Bg5 f6 20. c5+ Qf7 21.
Qxf7+ Kxf7 22. cxd6 Rbc8 23. Kb1 fxg5 24. hxg5 Be4+ 25. Ka1 Rxd6 26. Bc4+ Ke7
27. Rxd6 Kxd6 28. Rd1+ Ke7 29. Bf1 Rc2 30. f3 Bg6 31. a3 Rf2 32. Re1 Ke6 33. a4
bxa4 34. Bxa6 Rxg2 35. f4 e4 36. Bb7 Rf2 37. Bxe4 Bxe4 38. Rxe4+ Kf5 39. Re7 g6
40. Rf7+ Kg4 41. Rxh7 Rxf4 42. Kb1 Rc4 43. Rb7 Kxg5 44. b3 axb3 45. Rxb3 Kf4 46.
Rb8 g5 47. Rg8 g4 48. Kb2 Kf3 49. Kb3 Rc1 0-1

[Event "Norway Chess Open GM 2024"]
[Site "Stavanger NOR"]
[Date "2024.05.28"]
[Round "7.22"]
[White "Jeyanth, R"]
[Black "Gasland, Lukas Dominik"]
[Result "0-1"]
[WhiteElo "1808"]
[BlackElo "2063"]
[WhiteFideId "25618750"]
[BlackFideId "1557882"]
[EventDate "2024.05.24"]

1. d4 Nf6 2. c4 c5 3. d5 e6 4. Nf3 exd5 5. cxd5 d6 6. Nc3 g6 7. Bf4 Bg7 8. Qa4+
Bd7 9. Qb3 Qc7 10. h3 O-O 11. Nd2 b5 12. Nde4 Nxe4 13. Nxe4 Qa5+ 14. Bd2 Qb6 15.
Qg3 Re8 16. Qh4 Bf5 17. Nf6+ Bxf6 18. Qxf6 Nd7 19. Qc3 Ne5 20. e3 b4 21. Qb3 a5
22. a4 Rac8 23. Rc1 Be4 24. f3 c4 25. Bxc4 Rxc4 26. fxe4 Rxe4 27. O-O Qa6 28.
Rf4 Rxf4 29. exf4 Qd3 30. Qc2 Qd4+ 31. Kh2 Nf3+ 32. gxf3 Qf2+ 33. Kh1 Re2 34.
Qc8+ Kg7 35. Bc3+ bxc3 0-1

[Event "Norway Chess Open GM 2024"]
[Site "Stavanger NOR"]
[Date "2024.05.28"]
[Round "7.23"]
[White "Bjerke, Richard"]
[Black "Mihaila, Radu Stefan"]
[Result "1/2-1/2"]
[WhiteTitle "FM"]
[WhiteElo "2044"]
[BlackElo "1835"]
[WhiteFideId "1500252"]
[BlackFideId "2852638"]
[EventDate "2024.05.24"]

1. d4 Nf6 2. c4 e6 3. Nc3 Bb4 4. e3 O-O 5. Bd3 d5 6. a3 Bxc3+ 7. bxc3 b6 8. cxd5
exd5 9. Ne2 Bb7 10. O-O Nbd7 11. f3 Re8 12. Qe1 c5 13. Qf2 Qc8 14. Ng3 cxd4 15.
cxd4 Qc3 16. Qc2 Qxa1 17. Bb2 Qa2 18. Ra1 Rac8 19. Rxa2 Rxc2 20. Bxc2 Rxe3 21.
Kf2 Re6 22. Bd3 g6 23. Bc1 Rc6 24. Bd2 Nf8 25. Ne2 Ne6 1/2-1/2

[Event "Norway Chess Open GM 2024"]
[Site "Stavanger NOR"]
[Date "2024.05.28"]
[Round "7.24"]
[White "Klings, Peter"]
[Black "Derlich, Sarah Sima"]
[Result "1-0"]
[WhiteElo "1992"]
[BlackElo "1945"]
[WhiteFideId "4631234"]
[BlackFideId "1469290"]
[EventDate "2024.05.24"]

1. e4 c6 2. d4 d5 3. e5 c5 4. dxc5 e6 5. Nf3 Bxc5 6. a3 Ne7 7. Bd3 Ng6 8. O-O
O-O 9. Ng5 Be7 10. Qh5 Bxg5 11. Bxg5 Qc7 12. Nc3 Qxe5 13. Rae1 Qd6 14. Nb5 Qb6
15. Be3 Qc6 16. Nxa7 Qd7 17. Bc5 Re8 18. Re3 Qc7 19. Bd4 Bd7 20. Rh3 e5 21. Nb5
Qc6 22. Qxh7+ Kf8 23. Rf3 Re6 24. Bc3 Ra4 25. Bxg6 Rxg6 26. Qh8+ Ke7 27. Qxb8
Qxb5 28. Qxe5+ Kf8 29. Qb8+ Be8 30. Bb4+ Rxb4 31. axb4 Qxb4 32. Rh3 Rh6 33. Rxh6
gxh6 34. Qe5 Bc6 35. Re1 Kg8 36. Rd1 Qc4 37. c3 Qa2 38. b4 Qc2 39. Qd4 h5 40. h4
Qf5 41. Rd3 Bd7 42. Qxd5 1-0

[Event "Norway Chess Open GM 2024"]
[Site "Stavanger NOR"]
[Date "2024.05.28"]
[Round "7.25"]
[White "Mesar, Darko"]
[Black "Vasilijevic, Vili"]
[Result "0-1"]
[WhiteElo "1894"]
[BlackElo "1980"]
[WhiteFideId "14531038"]
[BlackFideId "14547104"]
[EventDate "2024.05.24"]

1. e4 c5 2. Nf3 d6 3. d4 cxd4 4. Nxd4 Nf6 5. Nc3 a6 6. Bg5 e6 7. f4 Be7 8. Qf3
Qc7 9. O-O-O Nbd7 10. g4 b5 11. Bg2 Bb7 12. Bxf6 Nxf6 13. g5 Nd7 14. Rhe1 b4 15.
Na4 O-O 16. h4 Rfc8 17. Rd2 Nc5 18. Nxc5 dxc5 19. Ne2 Qa5 20. a3 c4 21. Kd1 bxa3
22. bxa3 Bxa3 23. Nc3 Bb4 24. Re3 Rd8 25. Rxd8+ Rxd8+ 26. Ke2 Bxc3 27. Rxc3 Bxe4
28. Qe3 Bxg2 29. Rxc4 Qa1 0-1

[Event "Norway Chess Open GM 2024"]
[Site "Stavanger NOR"]
[Date "2024.05.28"]
[Round "7.26"]
[White "Haugen, Lars Tormod"]
[Black "Mesar, Antun"]
[Result "1/2-1/2"]
[WhiteElo "1961"]
[BlackElo "1890"]
[WhiteFideId "1559966"]
[BlackFideId "14532620"]
[EventDate "2024.05.24"]

1. c4 b6 2. Nc3 Bb7 3. e4 e6 4. Nge2 c5 5. g3 Nf6 6. Bg2 d6 7. O-O Be7 8. d3 O-O
9. h3 Nc6 10. Be3 a6 11. Qd2 Rb8 12. b3 Ba8 13. a4 e5 14. Rab1 Nb4 15. f4 Nd7
16. f5 f6 17. g4 Bc6 18. h4 b5 19. axb5 axb5 20. g5 bxc4 21. bxc4 Nb6 22. Ng3
Ra8 23. g6 Re8 24. Qe2 Bf8 25. gxh7+ Kh8 26. Bf3 Ra3 27. Qb2 Qa8 28. Ra1 Rxa1
29. Rxa1 Qb7 30. Qe2 Ra8 31. Rc1 Ra3 32. Qf1 Qa8 33. Be2 Na4 34. Nd1 Ra2 35. Nh5
Be8 36. Qf3 Nc2 37. Bf2 Qb7 38. Qg4 Kxh7 39. Ng3 Nd4 40. Bf1 Qb4 41. Nh1 Nb2 42.
Rb1 Qd2 43. Be3 Qc2 44. Rxb2 Rxb2 45. Nxb2 Qxb2 46. Ng3 Nc2 47. Qe2 Qb1 48. Bf2
Nb4 49. Kh2 Kg8 50. Be3 Ba4 51. Nh1 Bd1 52. Qe1 Nxd3 53. Bxd3 Qxd3 54. Nf2 Qe2
55. Qc3 Qf1 56. Nxd1 Qxd1 57. Qd2 Qg4 58. Qd5+ Kh7 59. Bf2 Qh5 60. Qd3 g5 61.
fxg6+ Qxg6 62. Qf3 Bh6 63. Kh3 Qf7 64. Qd3 Qe6+ 65. Kh2 Bf4+ 66. Bg3 Qg4 67.
Bxf4 Qxh4+ 68. Kg1 exf4 69. Qxd6 Qg3+ 70. Kf1 Qf3+ 71. Kg1 Qg4+ 72. Kf1 f3 73.
Qe7+ Qg7 74. Qxg7+ Kxg7 75. Kf2 1/2-1/2

[Event "Norway Chess Open GM 2024"]
[Site "Stavanger NOR"]
[Date "2024.05.28"]
[Round "7.27"]
[White "Bekmukhanov, Sauran"]
[Black "Simonsen, David Mindestrommen"]
[Result "1-0"]
[WhiteElo "1844"]
[BlackElo "1942"]
[WhiteFideId "1472844"]
[BlackFideId "1565672"]
[EventDate "2024.05.24"]

1. e4 c5 2. Nf3 d6 3. d4 cxd4 4. Nxd4 Nf6 5. Nc3 a6 6. Be2 e5 7. Nb3 Be6 8. O-O
Be7 9. f4 Qc7 10. Be3 Nbd7 11. Nd2 exf4 12. Bxf4 Qb6+ 13. Kh1 Qxb2 14. Rf3 Qb6
15. Rb1 Qc7 16. Rg3 Ne5 17. Nb3 Nfg4 18. Bxg4 Nxg4 19. Nd5 Bxd5 20. Qxg4 Be6 21.
Qxg7 Rf8 22. Rc3 Qd8 23. Rd3 Rc8 24. Nd4 Bc4 25. Rdd1 Bxa2 26. Rxb7 Rc7 27. Rxc7
Qxc7 28. Nf5 Qxc2 29. Rc1 Qd3 30. Nxe7 Kxe7 31. Bg5+ Ke8 32. Bh6 1-0

[Event "Norway Chess Open GM 2024"]
[Site "Stavanger NOR"]
[Date "2024.05.28"]
[Round "7.28"]
[White "Lien, Sebastian"]
[Black "Omtvedt, Aleksander"]
[Result "1/2-1/2"]
[WhiteElo "1861"]
[BlackElo "1935"]
[WhiteFideId "1567888"]
[BlackFideId "1511076"]
[EventDate "2024.05.24"]

1. d4 d5 2. Nf3 Nf6 3. c4 c6 4. Nc3 e6 5. Bg5 h6 6. Bh4 Nbd7 7. cxd5 exd5 8. e3
Be7 9. Bd3 Ne4 10. Bxe7 Qxe7 11. Qc2 Nd6 12. b4 a6 13. a4 O-O 14. O-O Nb6 15.
Ne5 Ndc4 16. Bxc4 Nxc4 17. Nxc4 dxc4 18. b5 Bd7 19. bxc6 Bxc6 20. d5 Bd7 21.
Rab1 b5 22. axb5 axb5 23. Nxb5 Bxb5 24. Rxb5 Rfc8 25. h3 Qe5 26. e4 Ra7 27. Rc1
c3 28. Rb3 Rac7 29. Rb4 Rc4 30. Rxc4 Rxc4 1/2-1/2

[Event "Norway Chess Open GM 2024"]
[Site "Stavanger NOR"]
[Date "2024.05.28"]
[Round "7.30"]
[White "Hetland, Even"]
[Black "Elsness, Fredrik Valstad"]
[Result "1-0"]
[WhiteElo "1903"]
[BlackElo "1861"]
[WhiteFideId "1555995"]
[BlackFideId "1567829"]
[EventDate "2024.05.24"]

1. d4 Nf6 2. c4 g6 3. Nc3 d5 4. Nf3 Bg7 5. Bg5 Ne4 6. Bf4 Nxc3 7. bxc3 c5 8. e3
O-O 9. cxd5 Qxd5 10. Bd3 Bf5 11. O-O Nc6 12. Rb1 Bxd3 13. Qxd3 e5 14. e4 Qd7 15.
Bg3 cxd4 16. Rb5 a6 17. Rd5 Qe6 18. cxd4 exd4 19. Rb1 f5 20. Qb3 Kh8 21. exf5
Rxf5 22. Qxb7 Ra7 23. Rd8+ Nxd8 24. Qxa7 Qxa2 25. Re1 h6 26. h3 Kh7 27. Nxd4 Rf7
28. Qb6 Qd2 29. Re4 Qd3 30. Re8 Bxd4 31. Qxd8 Qb1+ 32. Kh2 Bg7 33. Re6 Qb5 34.
Rb6 Rf8 35. Qc7 Rf7 36. Qxf7 1-0

[Event "Norway Chess Open GM 2024"]
[Site "Stavanger NOR"]
[Date "2024.05.28"]
[Round "7.31"]
[White "Flatebo, Hallvard Haug"]
[Black "Louis, Luca Hojin"]
[Result "1-0"]
[WhiteElo "1951"]
[BlackElo "1758"]
[WhiteFideId "1530720"]
[BlackFideId "343405541"]
[EventDate "2024.05.24"]

1. e4 c5 2. Nf3 e6 3. d4 cxd4 4. Nxd4 Nc6 5. Nc3 a6 6. Nxc6 bxc6 7. Bd3 Bb4 8.
Bd2 Nf6 9. O-O Bb7 10. e5 Nd5 11. Ne4 Be7 12. c4 Nc7 13. Qg4 Kf8 14. f4 d5 15.
exd6 Bxd6 16. Bc3 f6 17. Rad1 Be7 18. Bc2 Qe8 19. Nd6 Bxd6 20. Rxd6 Rd8 21. Bb4
Kf7 22. Rfd1 Rxd6 23. Rxd6 Qc8 24. Qd1 f5 25. Rd7+ Kg6 26. Qd6 Ne8 27. Qxe6+ 1-0

[Event "Norway Chess Open GM 2024"]
[Site "Stavanger NOR"]
[Date "2024.05.28"]
[Round "7.32"]
[White "Oz, Sinan"]
[Black "Rynkjob, Bastian"]
[Result "1-0"]
[WhiteElo "1794"]
[BlackElo "1797"]
[WhiteFideId "1471090"]
[BlackFideId "1473557"]
[EventDate "2024.05.24"]

1. d4 Nf6 2. Nc3 e6 3. e4 d5 4. e5 Nfd7 5. f4 c5 6. Nf3 Nc6 7. Be3 a6 8. a4 g6
9. Be2 cxd4 10. Nxd4 Bc5 11. Nxc6 bxc6 12. Bxc5 Nxc5 13. b4 Nd7 14. a5 Qe7 15.
Rb1 Rb8 16. Qd4 c5 17. bxc5 Rxb1+ 18. Nxb1 Nxc5 19. Nd2 O-O 20. O-O Bb7 21. Rb1
Rc8 22. Bf3 Rc6 23. c4 Rc7 24. cxd5 exd5 25. Rc1 Ne6 26. Rxc7 Nxc7 27. Qb6 Nb5
28. Be2 Qc7 29. Qxc7 Nxc7 30. Kf2 Kf8 31. g4 h6 32. h4 Ke7 33. Nb3 Ne6 34. f5
gxf5 35. gxf5 Nf4 36. Bf1 f6 37. Nc5 Bc8 38. e6 d4 39. Bxa6 Bxa6 40. Nxa6 Nd3+
41. Ke2 Nc1+ 42. Kd2 Nb3+ 43. Kd3 Nxa5 44. Kxd4 Nb7 45. Nc7 Nd6 46. Nd5+ Ke8 47.
Nxf6+ Kf8 48. Ke5 1-0

[Event "Norway Chess Open GM 2024"]
[Site "Stavanger NOR"]
[Date "2024.05.29"]
[Round "8.1"]
[White "Amar, Elham"]
[Black "Bazakutsa, Svyatoslav"]
[Result "1-0"]
[WhiteTitle "GM"]
[BlackTitle "IM"]
[WhiteElo "2552"]
[BlackElo "2472"]
[WhiteFideId "1533533"]
[BlackFideId "14198525"]
[EventDate "2024.05.24"]

1. e4 c5 2. Nf3 Nc6 3. d4 cxd4 4. Nxd4 Nf6 5. Nc3 e5 6. Ndb5 d6 7. Nd5 Nxd5 8.
exd5 Nb8 9. g4 Be7 10. Rg1 a6 11. Nc3 h6 12. Be3 Nd7 13. Qd2 b5 14. O-O-O Bb7
15. Kb1 Qc7 16. a3 Nb6 17. f4 exf4 18. Bd4 O-O-O 19. Bxb5 axb5 20. Nxb5 Qc4 21.
Na7+ Kc7 22. Qa5 Qa6 23. Bxb6+ Kd7 24. Bxd8 Bxd8 25. Qb5+ Kc7 26. Qxa6 Bxa6 27.
c4 Bh4 28. Rgf1 g5 29. Nb5+ Kd7 30. Rd3 h5 31. gxh5 Rxh5 32. Rc3 Rh8 33. Nd4 Bc8
34. b4 Ke7 35. c5 Kf6 36. cxd6 Bd7 37. Nc6 Re8 38. b5 Be1 39. Rb3 Bf5+ 40. Ka2
Bd2 41. b6 Re2 42. Rb2 Bd3 43. d7 Bc4+ 44. Ka1 Bc3 45. d8=Q+ Kg6 46. Qd6+ Kh5
47. Rb1 f3 48. Qg3 Bxd5 49. b7 Bf6 50. b8=Q Re3 51. Qh3+ Kg6 52. Qg8+ 1-0

[Event "Norway Chess Open GM 2024"]
[Site "Stavanger NOR"]
[Date "2024.05.29"]
[Round "8.2"]
[White "Mitrabha, Guha"]
[Black "Balakrishnan, Praveen"]
[Result "0-1"]
[WhiteTitle "GM"]
[BlackTitle "GM"]
[WhiteElo "2540"]
[BlackElo "2510"]
[WhiteFideId "5057000"]
[BlackFideId "2064871"]
[EventDate "2024.05.24"]

1. Nf3 Nf6 2. c4 b6 3. Nc3 Bb7 4. d4 e6 5. a3 d5 6. cxd5 Nxd5 7. Bg5 Be7 8. Bxe7
Qxe7 9. Rc1 O-O 10. e3 Nf6 11. Be2 Nbd7 12. b4 c5 13. dxc5 bxc5 14. b5 a6 15.
bxa6 Bxa6 16. a4 Bxe2 17. Qxe2 Nd5 18. Nxd5 exd5 19. Ra1 Qe4 20. a5 Qb4+ 21. Qd2
Qc4 22. Qa2 Qd3 23. Qd2 Qc4 24. Qa2 Qd3 25. Qd2 Qb5 26. Qxd5 Nf6 27. Qa2 Ne4 28.
Rb1 Qd3 29. Rc1 Qb5 30. Rb1 Qa6 31. Ra1 Rfb8 32. Ne5 Qf6 33. f4 Qh4+ 34. g3 Nxg3
35. Nf3 Qe7 36. hxg3 Qxe3+ 37. Qe2 Qc3+ 38. Kf2 Rb2 39. Ra2 Rxe2+ 40. Rxe2 Qxa5
41. Rc1 h6 42. Rec2 Qb4 43. Rxc5 Ra2+ 0-1

[Event "Norway Chess Open GM 2024"]
[Site "Stavanger NOR"]
[Date "2024.05.29"]
[Round "8.3"]
[White "Seo, Jung Min"]
[Black "Kvaloy, Aksel Bu"]
[Result "1-0"]
[WhiteTitle "IM"]
[BlackTitle "IM"]
[WhiteElo "2451"]
[BlackElo "2454"]
[WhiteFideId "1734687"]
[BlackFideId "1528815"]
[EventDate "2024.05.24"]

1. e4 c5 2. Nf3 d6 3. d4 cxd4 4. Nxd4 Nf6 5. Nc3 a6 6. Be3 e5 7. Nb3 Be6 8. h3
Nbd7 9. g4 h6 10. Qd2 Be7 11. O-O-O Rc8 12. f4 b5 13. Kb1 Bc4 14. g5 hxg5 15.
fxg5 Nh5 16. Rg1 g6 17. Bxc4 Rxc4 18. Nd5 Rxe4 19. Na5 Nb8 20. Nb7 Qd7 21. Nxe7
Qxb7 22. Qxd6 Kf8 23. Nxg6+ 1-0

[Event "Norway Chess Open GM 2024"]
[Site "Stavanger NOR"]
[Date "2024.05.29"]
[Round "8.4"]
[White "Zylka, Stanislaw"]
[Black "Urkedal, Frode Olav Olsen"]
[Result "0-1"]
[WhiteTitle "IM"]
[BlackTitle "GM"]
[WhiteElo "2396"]
[BlackElo "2560"]
[WhiteFideId "1189654"]
[BlackFideId "1506102"]
[EventDate "2024.05.24"]

1. e4 e5 2. Nf3 Nc6 3. d4 exd4 4. Nxd4 Nf6 5. Nxc6 bxc6 6. Bd3 d5 7. exd5 cxd5
8. O-O Be7 9. c4 O-O 10. Nc3 d4 11. Ne4 Nd7 12. Qh5 Rb8 13. b3 g6 14. Qa5 f5 15.
Nd2 Nc5 16. Be2 Rf6 17. Qxa7 Rb7 18. Qa3 Nxb3 19. Qxb3 Rxb3 20. axb3 Bb7 21. Bf3
Rb6 22. Rd1 Bb4 23. Ra7 Qb8 24. Rxb7 Rxb7 25. Bd5+ Kg7 26. Nf3 c5 27. g3 Re7 28.
Bf4 Qa7 29. Bd6 Re2 30. Nxd4 cxd4 31. Bxb4 Qb6 32. Bf3 Rb2 33. Be7 Qxb3 34. Kg2
Qe3 0-1